000 00535nam a2200193Ia 4500
005 20250508151934.0
008 008 250505s9999 xx 000 0 eng d
037 _aTextual
040 _aFEDL
_beng
_cFEDL
041 _aeng
_2eng
084 _a372.3574, HAW
_qFEDL
100 _aHaworth F M
_9760417
245 0 _aPond dwellers
260 _aLondon, UK
_bUniversity of London Press Ltd.
300 _a37p.
490 _aNatural history number two
942 _cTEXL
_h372.3574, HAW
999 _c1333091
_d1333091